Derecho civil / (Record no. 135934)

MARC details
000 -LEADER
campo de control de longitud fija 00654nam a2200181 4500
001 - NÚMERO DE CONTROL
campo de control 135934
003 - IDENTIFICADOR DE NÚMERO DE CONTROL
campo de control ES-MaACL
005 - FECHA Y HORA DE LA ÚLTIMA TRANSACCIÓN
campo de control 20230906195006.0
007 - CAMPO FIJO DE DESCRIPCIÓN FÍSICA--INFORMACIÓN GENERAL
campo de control de longitud fija t|
008 - DATOS DE LONGITUD FIJA--INFORMACIÓN GENERAL
campo de control de longitud fija 070214s1957 sp r ||||1| spa d
100 1# - ENTRADA PRINCIPAL--NOMBRE DE PERSONA
Nombre de persona Ruiz Gallardón, José María.
9 (RLIN) 100811
245 10 - MENCIÓN DEL TÍTULO
Título Derecho civil /
Mención de responsabilidad, etc. José María Ruiz Gallardón ; con la colaboración de Rafael Ruiz Gallardón.
Nombre de parte o sección de la obra Obligaciones.
260 ## - PUBLICACIÓN, DISTRIBUCIÓN, ETC.
Lugar de publicación, distribución, etc. Madrid :
Nombre del editor, distribuidor, etc. Estudios Jurídicos `Gala`,
Fecha de publicación, distribución, etc. 1957.
300 ## - DESCRIPCIÓN FÍSICA
Extensión 1 v. ;
Dimensiones 24 cm.
500 ## - NOTA GENERAL
Nota general Es el v. I ------ Los capítulos 9, 13 y 14, por Rafael Ruiz Gallardón.
710 2# - ENTRADA AGREGADA--NOMBRE DE ENTIDAD CORPORATIVA
Nombre de entidad corporativa o nombre de jurisdicción como elemento de entrada Estudios Jurídicos Gala.
9 (RLIN) 4034
852 ## - LOCALIZACIÓN
Ubicación ES-MaACL
Número de control de estantería C-17425
Sublocalización o colección R.45441
Holdings
Estatus retirado Estado de pérdida Estado de daño No para préstamo Biblioteca de origen Biblioteca actual Ubicación en estantería Fecha de adquisición Fuente de adquisición Total de préstamos Signatura topográfica completa Código de barras Visto por última vez Precio de reemplazo Tipo de ítem Koha
        Biblioteca del Ateneo de Madrid Biblioteca del Ateneo de Madrid Galería 17/01/2008     C-17425 1141476 23/02/2023 23/02/2023 Libro impreso